000 00416nam a22001697a 4500
003 MPLRDC
005 20220104114728.0
008 210129b ||||| |||| 00| 0 eng d
082 _a293.1 XSL
100 _a许绍龙
245 _a飞星紫微斗数
_c
260 _a
_b大台北出版社
_c1986
300 _b
490 _a无师自通算命丛书
650 _a命书--紫微斗数
942 _cBK
_o293.1 XSL
999 _c9766
_d9756